01277nam a2200325   4500003000900000005001700009008004100026040004600067041000800113082002500121092000700146099003300153100004100186245008900227264010100316300002700417336002200444337002400466338003300490490004200523546004100565650003000606650002800636651001000664856005700674905000700731942001900738999001700757952017700774EG-GICUC20260121101206.0251110s1967    le ||||fr|||| 00| 0 ara d  a EG-GICUCbarac EG-GICUCd EG-GICUCerda0 aara04221a341.6bا ن. ا04221  aLaw1 11	341.6 ا ن. ا 19670 aأنيس القاسمeمؤلف.12aالإعداد الثوري لمعركة التحرير/cأنيس القاسم. 1aبيروت؛bمركز الأبحاث- منظمة التحرير الفلسطينية،c1967.  a360؛صفحةc24 سم  2rda contentatext  2rda mediaaComputer  2rda carrieraOnline Resource  3سلسلة كتب فلسطسنيةa5  aالنص باللغة العربية  aمعركة التحرير  aاعداد الثورة1 2qrmak40uhttps://fll.law.cu.edu.eg/fulltext/bks/B11-04493.pdf  a75  2ddcn0cBKe21  c42342d42342  00102ddc40718القانون الدولي العامaCUbLAW1d2025-11-10l0oLaw1 11	341.6 ا ن. ا 1967 1104493	C1pB11-04493r2025-11-10 19:08:55t1w2025-11-10yBK